000 00390nam a2200157Ia 4500
008 230524s9999 xx 000 0 und d
082 _a621.402
_bBAS
100 _aA.R. Basu
245 0 _aThermal Engineering and Heat Power
250 _a3RD
260 _aNEW DELHI
_bDhanpatrai
_c2004
300 _aVIII;1375
500 _aQuantity Number: 5
650 _aThermodynamics
942 _cBK
999 _c26007
_d26007